000 01744cam a22003974a 4500
001 14343229
003 OSt
005 20260615105451.0
008 060417s2006 ilua b 000 0 eng
010 _a 2006013023
020 _a0830833420
_qpbk. : alk. paper
020 _a9780830833429
035 _a14343229
035 _a(OCoLC)67773774
040 _aDLC
_cDLC
_dBAKER
_dC#P
_dDLC
042 _apcc
050 0 0 _aBV4520
_b.R5195 2006
082 0 0 _a269/.2
_222
100 1 _aRichardson, Rick,
_d1955-
245 1 0 _aReimagining evangelism :
_binviting friends on a spiritual journey /
_cRick Richardson.
260 _aDowners Grove, Ill. :
_bInterVarsity Press,
_cc2006.
300 _a167 p. :
_bill. ;
_c21 cm.
336 _atext
_btxt
_2rdacontent
337 _aunmediated
_bn
_2rdamedia
338 _avolume
_bnc
_2rdacarrier
504 _aIncludes bibliographical references (p. [164]-167).
505 0 _aReimagining evangelism : salespeople or travel guides? -- Rediscovering the Holy Spirit : collaboration versus activism -- The witness of the community -- The art of spiritual friendship -- The power of story -- Jesus outside the box -- Great news! -- Invitation to a wedding : journey versus event.
583 _aCataloguing:
_c20260615
_kgtanuigtanui
650 0 _aWitness bearing (Christianity)
650 0 _aEvangelistic work.
856 4 1 _3Table of contents
_uhttp://www.loc.gov/catdir/toc/ecip0612/2006013023.html
906 _a7
_bcbc
_corignew
_d1
_eecip
_f20
_gy-gencatlg
942 _2lcc
_cBK
999 _c21667
_d21666